Guano, Salitre, Sangre: historia de la Guerra del Pacífico
Guardat en:
| Autor principal: | |
|---|---|
| Format: | Llibre |
| Idioma: | espanyol |
| Publicat: |
La Paz
Juventud
1998
|
| Matèries: | |
| Etiquetes: |
Afegir etiqueta
Sense etiquetes, Sigues el primer a etiquetar aquest registre!
|
MARC
| LEADER | 00000nam a2200000 a 4500 | ||
|---|---|---|---|
| 001 | UCK9692 | ||
| 003 | CL-VaPUC | ||
| 008 | 060519e19980000BO |||||||||||||||||spa|d | ||
| 082 | 0 | 4 | |a 983.0616 |b QUE |2 21 |
| 100 | 0 | |a Querjazu Calvo, Roberto |e author |9 499509 | |
| 245 | 1 | 0 | |a Guano, Salitre, Sangre: historia de la Guerra del Pacífico |
| 300 | |a 644 p | ||
| 942 | |c BK | ||
| 945 | |d 20060519 00:00:00 |a jtorresc | ||
| 260 | |a La Paz |b Juventud |c 1998 | ||
| 650 | 7 | |a HISTORIA DE AMERICA DEL SUR |2 CL-VaPUC |9 499510 | |
| 650 | 0 | |a Guerra del Pacífico |9 314886 | |
| 650 | 0 | |a Tratados internacionales |9 256056 | |
| 651 | 7 | |a CHILE |2 CL-VaPUC |9 499511 | |
| 651 | 0 | |a Bolivia |9 255454 | |
| 651 | 0 | |a Perú |9 256567 | |
| 583 | |a last modification |c 20060519 00:00:00 |k Rodrigo Vera | ||
| 999 | |c 316760 |d 316758 | ||
| 952 | |0 0 |1 0 |4 0 |6 983_061600000000000_QUE_1998 |7 0 |8 A |9 391753 |a BIBHIS |b BIBHIS |d 2019-11-22 |i 423068K |l 1 |o 983.0616 QUE 1998 |p 423068K |r 2025-01-20 |s 2023-07-10 |w 2019-11-22 |y BK |k HIS | ||